Most Spoken Languages Vancouver (2021) - Statistics

General Stats
  • This quiz has been taken 48 times
  • The average score is 17 of 21
Answer Stats
Number of speakers Percentage Language % Correct
1,340,995 51.19% English
100%
191,475 7.31% Mandarin
98%
24,710 0.94% French
95%
46,645 1.78% Spanish
95%
27,990 1.07% Hindi
93%
52,525 2.01% Korean
90%
20,685 0.79% Russian
90%
18,130 0.69% Arabic
88%
182,910 6.98% Cantonese
88%
13,285 0.51% Italian
88%
18,090 0.69% German
83%
18,185 0.69% Portuguese
83%
67,790 2.59% Tagalog
83%
17,340 0.66% Japanese
81%
26,850 1.03% Vietnamese
81%
54,350 2.08% Persian
76%
10,645 0.41% Polish
74%
180,355 6.89% Punjabi
74%
10,495 0.4% Urdu
57%
13,295 0.51% Serbo-Croatian
36%
11,195 0.43% Min Nan
31%
No matching quizzes found
Score Distribution
Percent of People with Each Score
Percentile by Number Answered
Your Score History
You have not taken this quiz